00587nam a2200205 a 450000100100000000500170001000800410002702000150006804000250008308200160010824500190012426000360014330000310017949000250021050000380023560000400027365000240031365100190033783000250035600001942620200929170020.0100629s2006 sp c 000 0 spa d a848403867X aDO-SdBNPbspacBNPHU a923.1bC42100aJulio César. aMadrid :bEdimat Libros,c2006. a187 p. :bretrs. ;c22 cm.1 aGrandes biografías aIncluye notas al pie de páginas14aJULIO CÉSARd100 a. C. - 44 a. C. 4aEmperadores romanos 4aRomaxHistoria 0aGrandes biografías